000 01324nam a2200361 i 4500
003 EG-GICUC
005 20260121092419.0
008 260121s2003 ua ||||fr|||| 00| 0 ara d
017 _a2003/4845
020 _a977-223-743-1
040 _a EG-GICUC
_bara
_c EG-GICUC
_d EG-GICUC
_erda
041 0 _aara
082 0 4 _221
_a352.106
_bح ا . م
092 0 4 _221
099 _aLaw1 09 352.106 ح ا . م 2003
100 0 _aحازم حسني
_eمؤلف.
245 1 0 _aمنتدي السياسات العامة /
_cدكتور حازم حسني ، دكتور رأفت رضوان
264 1 _aالقاهرة:
_bمركز الدراسات و استشارات الإدارة العامة ،
_c2003.
300 _a36؛صفحة
_c24 سم
336 _2rda content
_atext
337 _2rda media
_aComputer
338 _2rda carrier
_aOnline Resource
490 _aالإدارة الالكترونية
_v14
504 _aيشتمل على إرجاعات ببليوجرافية.
546 _aالنص باللغة العربية
650 1 _aالإدارة العامة
_2qrmak
651 1 _2qrmak
700 _aرأفت رضوان
_eمؤلف مشارك.
700 _aحازم حسني
_eمحرر.
856 4 0 _uhttps://fll.law.cu.edu.eg/fulltext/bks/B09-00118.pdf
905 _a74
942 _2ddc
_n0
_cBK
_e21
999 _c58312
_d58312